Statistics for Think Fast! #5

Click here to take the quiz!

General Stats

  • This quiz has been taken 32 times
  • The average score is 4 of 10

Answer Stats

QuestionAnswer% Correct
How many sides does a pentagon have?5
96%
What kind of animal has eight legs?Arachnid
85%
What is the first letter of the title in this quiz?T
54%
A lemon is squeezed to make...Lemonade
38%
What item is in the thumbnail of this quiz?Hourglass
27%
What is water called when it falls from the sky?Rain
23%
What is 6 plus 2?8
19%
What language is spoken in France?French
19%
What element has the symbol Au?Gold
19%
What is the most sold book of all time?The Bible
8%

Score Distribution

Percentile by Number Answered

Percent of People with Each Score

Your Score History

You have not taken this quiz